000 00740nam a22002057a 4500
005 2010072607507.0
010 _aENG-96883
020 _a9788184420197
_c450.00
035 _aEN-80416
037 _bDBAD/PUB
082 _a390.0954
100 _aRice, Stanley
_91403
245 _aThe origin of hindu customs /
_cby Stanley Rice
260 _aDelhi
_bUniversal Voice
_c2010
270 _aGF-6, Prakash Deep Building, 4735/22, Ansari Road, Darya Ganj,
_bDelhi
_e110002
_k011-24501939
_mwww.universalvoice.chand@gmail.com
300 _axiii, 235p.
_c22cm, (Hb)
500 _aincludes index
942 _2ddc
_cEN
_mRIC
999 _c37652
_d37652